| 000 | 00644nam a2200253Ia 4500 | ||
|---|---|---|---|
| 008 | 160803s9999 xx 000 0 und d | ||
| 020 | _a0 439086418 | ||
| 100 | _aLondon, Jonathan | ||
| 245 | _aFroggy plays soccer / | ||
| 245 | _cby Jonathan London ; illustrated by Frank Remkiewicz. | ||
| 260 | _aNew York : | ||
| 260 | _bScholastic Inc. | ||
| 260 | _c1999 | ||
| 300 | _a[28] unnumbered pages : | ||
| 300 | _bcolor illustrations ; | ||
| 300 | _c21 x 26 cm. | ||
| 650 | _aAnimals -- | ||
| 650 | _aFrogs -- | ||
| 650 | _aSoccer -- | ||
| 650 | _xFiction. | ||
| 650 | _xFiction. | ||
| 650 | _xFiction. | ||
| 700 | _a100 | ||
| 999 |
_c298901 _d298901 |
||